书目信息 |
| 题名: |
蔬菜新良种
|
|
| 作者: | 王振兴 , 张玉清 编 | |
| 分册: | ||
| 出版信息: | 北京 科学普及出版社 1986 |
|
| 页数: | 63页 | |
| 开本: | 19cm | |
| 丛书名: | 农业新技术丛书 | |
| 单 册: | ||
| 中图分类: | S630.3 | |
| 科图分类: | ||
| 主题词: | 蔬菜--良种繁育 , 蔬菜 , 良种繁育 | |
| 电子资源: | ||
| ISBN: | 16051.1101 | |
| 000 | 00790oam2 2200289 450 | |
| 001 | 0186012825 | |
| 005 | 20100712221703.0 | |
| 010 | @a16051.1101@dCNY0.42 | |
| 091 | @a16051.1101@dCNY0.42 | |
| 100 | @a19901010d1986 em y0chiy0110 ea | |
| 101 | 0 | @achi |
| 102 | @aCN@b110000 | |
| 105 | @ay z 000yy | |
| 106 | @ar | |
| 200 | 1 | @a蔬菜新良种@9Shu Cai Xin Liang Zhong;Chong @f王振兴, 张玉清编 |
| 210 | @a北京@c科学普及出版社@d1986 | |
| 215 | @a63页@d19cm | |
| 225 | 2 | @a农业新技术丛书@v1 |
| 461 | 0 | @12001 @a农业新技术丛书 |
| 606 | 0 | @a蔬菜@x良种繁育 |
| 606 | 0 | @a蔬菜 |
| 606 | 0 | @a良种繁育 |
| 690 | @aS630.3@v3 | |
| 701 | 0 | @a王振兴@9wang zhen xing@4编 |
| 701 | 0 | @a张玉清@9zhang yu qing@4编 |
| 801 | 0 | @aCN@b91MARC@c20130904 |
| 905 | @aBZT@dS630.3@e145@f3@sS630.3/145 | |
| 蔬菜新良种/王振兴, 张玉清编.-北京:科学普及出版社,1986 |
| 63页;19cm.-(农业新技术丛书;1) |
| ISBN 16051.1101:CNY0.42 |
| ● |
| 相关链接 |
|
|
|
正题名:蔬菜新良种
索取号:S630.3/145
 
预约/预借
| 序号 | 登录号 | 条形码 | 馆藏地/架位号 | 状态 | 备注 |
| 1 | 2000072359 | 2000072359 | 旧书回溯/ [索取号:S630.3/145] | 在馆 | |
| 2 | 2000072360 | 2000072360 | 旧书回溯/ [索取号:S630.3/145] | 在馆 | |
| 3 | 2000072361 | 2000072361 | 旧书回溯/ [索取号:S630.3/145] | 在馆 |